Smutná Pausstʹ opussteneho Pana Gežjisse při hořkém Vmučenj j autrpnému Wzdychánj a k cwjčenj se w wsselikých ctnostech krestʹanským dussem ...

Titel: Smutná Pausstʹ opussteneho Pana Gežjisse při hořkém Vmučenj j autrpnému Wzdychánj a k cwjčenj se w wsselikých ctnostech krestʹanským dussem ... / Leopold Fabritius
Teil: 1
Verfasser:
Veröffentlicht: Praha : Kirchnerová, 1760
Umfang: 139 S.
Format: Buch
Sprache: Tschechisch
Schriftenreihe/
mehrbändiges Werk:
Smutná Pausstʹ opussteneho Pana Gežjisse při hořkém Vmučenj j autrpnému Wzdychánj a k cwjčenj se w wsselikých ctnostech krestʹanským dussem ... / Leopold Fabritius ; 1
alle Bände anzeigen
Kein Bild verfügbar
X
Lokale Klassifikation: 23 11 D
alg: 19850744
001A    $03004:14-05-08 
001B    $01999:13-05-21 $t13:29:18.000 
001C    $03004:14-05-08 $t12:05:28.000 
001D    $03004:14-05-08 
001U    $0utf8 
001X    $00 
002@    $0Afr 
003@    $0198507445 
003O    $0612268692 $aOCoLC 
007A    $0198507445 $aHEB 
007T    $0Herdhh198507143+11=Bd. 1. 
010@    $acze 
011@    $a1760 
028A    $7 $8Fabritius, Leopold [Tnu] $9198506961 
033A    $pPraha $nKirchnerová 
034D    $a139 S. 
036C    $aSmutná Pausstʹ opussteneho Pana Gežjisse při hořkém Vmučenj j autrpnému Wzdychánj a k cwjčenj se w wsselikých ctnostech krestʹanským dussem ... $x11 $hLeopold Fabritius $l1 
036D    $x11 $8Smutná Pausstʹ opussteneho Pana Gežjisse při hořkém Vmučenj j autrpnému Wzdychánj a k cwjčenj se w wsselikých ctnostech krestʹanským dussem ... / Leopold Fabritius $9198507143 
045F    $a200.94371 $eDDC23BSB 
045F/01 $a200.9 
045F/03 $g4371 

lok: 19850744 24
101B    $014-05-08 $t12:05:28.000 
101C    $014-05-08 
101U    $0utf8 
145Z/01 $a23 11 D 

exp: 19850744 24 1 #EPN
201B/01 $014-05-08 $t12:05:28.000 
201C/01 $014-05-08 
201U/01 $0utf8 
203@/01 $0543790657 
208@/01 $a14-05-08 $br 
209A/01 $aR/ 23 XI D 45 : 1 $dd $f050 $h23 11 D 45 / B 1 $x00 
209C/01 $aK 83.5701 $h83 5701 K 
220C/01 $aost 
247C/01 $8358050-7 Marburg, Bibliothek des Herder-Instituts Marburg $9102600961 

lok: 19850744 78

exp: 19850744 78 1 #EPN
201B/01 $026-11-17 $t00:16:30.000 
201U/01 $0utf8 
203@/01 $0792538544 
208@/01 $a12-11-16 $be 
209A/01 $a/ $f000 $x00 
220C/01 $aAnmerkung: *ng / *11 
237A/01 $aweiterführende Signatur(en): Herder-Institut: R/ 23 XI D 45 : 1 
244Z/01 $#Tschechien $#Tschechische Republik $#Tschechische Republik $#Tschechenland $#Tschechei Tschechien $#Česká Republika $#Czech Republic $#ČR $74303381-7 $8--Tg1--Tschechien $x01 $9086659812 
244Z/01 $2Trx $#Böhmen $#Bohemia $#Czechy $8--Trx--Čechy $x02 $9391188941 
245Z/01 $a10.02.02.01 $x01 
247C/01 $82080>Marburg/Lahn, Herder-Institut, Forschungsbibliothek, Bibliographieportal $9336309341
LEADER 00000cam a22000002cc4500
001 198507445
003 DE-603
005 20210513132918.0
007 tu
008 080514s1760 xx |||| | u00||u|cze c
035 |a (DE-599)HEB198507445 
035 |a (OCoLC)612268692 
040 |a DE-603  |b ger  |c DE-603  |d DE-603 
041 |a cze 
082 0 4 |8 1\u  |a 200.94371  |q DE-101  |2 23/BSB 
085 |8 1\u  |b 200.9 
085 |8 1\u  |z 2  |s 4371 
100 1 |a Fabritius, Leopold  |0 (DE-603)198506961 
245 0 0 |a Smutná Pausstʹ opussteneho Pana Gežjisse při hořkém Vmučenj j autrpnému Wzdychánj a k cwjčenj se w wsselikých ctnostech krestʹanským dussem ...  |n 1  |c Leopold Fabritius 
264 1 |a Praha  |b Kirchnerová  |c 1760 
300 |a 139 S. 
773 0 8 |q 11  |w (DE-603)198507143 
924 0 |9 Mb 50  |a (DE-603)543790657  |b DE-Mb50  |c HES  |d d  |g R/ 23 XI D 45 : 1 
924 0 |9 2080  |a (DE-603)792538544  |b DE-2080  |c HES  |d d  |g /